Open Data Biblioteca Nacional de Portugal


República Portuguesa: Ministério da Cultura
Biblioteca Nacional de Portugal

Catálogo da BNP: acesso por Identificadores Unívocos
Registos Bibliográficos associados ao registo de autoridade

Etiqueta de registo: 00000nam 2200025 450
001 2282941
003 http://id.bnportugal.gov.pt/bib/catbnp/2282941
010 ## $a978-977-428-183-9
100 ## $a20260326d2022 m y0pory01030103ba
101 1# $aara$cpor
102 ## $aEG
105 ## $ay z 000yy
200 1# $a [ A máquina de Joseph Walser]$fGonçalo M. Tavares$g[trad. Rola Adel Rashwan]
210 #9 $aCairo$cMars el Arabia],$d2022
215 ## $a182 p.$d22 cm
700 #1 $aTavares,$bGonçalo M.,$f1970-$31039703
702 #0 $aRola,$bAdel Rashwan$4730$31999135
801 #0 $aPT$bBN$gRPC
966 ## $lBN$mFGMON$pDGLAB$x3
971 ## $cjbeatriz$d20260601
975 ## $e0$d20260605$viquintas

Etiqueta de registo: 00000nam 2200025 450
001 2282987
003 http://id.bnportugal.gov.pt/bib/catbnp/2282987
010 ## $b978-977-821-443-7
100 ## $a20260326d2025 m y0pory01030103ba
101 0# $aara$cpor
105 ## $ay z 000yy
106 ## $ar
200 1# $a [ O diretor$fAna Filomena Amaral$gtrad. Rola Adel Rashwan]
210 #9 $a[Cairo$cSefsafa Publishing House,]$d2025
215 ## $a239 p.$d20 cm
700 #1 $aAmaral,$bAna Filomena,$f1961-$3135449
702 #0 $aRola,$bAdel Rashwan$4730$31999135
801 #0 $aPT$bBN$gRPC
966 ## $lBN$mFGMON$pDGLAB$x3
971 ## $cjbeatriz$d20260525
975 ## $e0$d20260527$viquintas

OpendataBNP@bnportugal.pt | Mais informação sobre acesso aos dados BNP